000 01314nam a22003498i 4500
001 016774918
003 EG-ScBUE
005 20220418120605.0
008 140515s2014 enk f 000 1 eng d
020 _a9781408855676
040 _aStDuBDS
_beng
_erda
_cStDuBDS
_dEG-ScBUE
082 0 4 _a823.912
_222
_bROW
100 1 _aRowling, J. K.,
_eauthor.
_922827
245 1 0 _aHarry Potter and the prisoner of Azkaban /
_cJ. K. Rowling.
246 3 0 _aPrisoner of Azkaban
264 1 _aLondon :
_bBloomsbury,
_c2014.
300 _a461 pages ;
_c20 cm.
336 _2rdacontent
_atext
_btxt
337 _2rdamedia
_aunmediated
_bn
338 _2rdacarrier
_avolume
_bnc
490 0 _aHarry Potter ;
_v3
600 1 7 _937452
_aPotter, Harry
_c(Fictitious character)
_vJuvenile fiction.
_2BUEsh
650 7 _aGranger, Hermione (Fictitious character)
_vJuvenile fiction.
_937453
_2BUEsh
650 7 _aWeasley, Ron (Fictitious character)
_vJuvenile fiction.
_922830
_2BUEsh
650 7 _aHogwarts School of Witchcraft and Wizardry (Imaginary organization)
_vJuvenile fiction.
_922831
_2BUEsh
650 7 _aFantasy fiction, English.
_919604
_2BUEsh
650 7 _aWizards
_vJuvenile fiction.
_937454
_2BUEsh
651 _2BUEsh
653 _cFebruary2015
_bHHUUEENN
655 _vReading book
_934232
942 _2ddc
_k823.912 ROW
_cBB
999 _c19000
_d18972